La octava reunión ministerial del ALCA en Miami: Una salida evasiva para evitar un nuevo fracaso
Enregistré dans:
| Auteur principal: | |
|---|---|
| Collectivité auteur: | |
| Format: | Livre |
| Langue: | Spanish |
| Publié: |
San José, Costa Rica
DEI
2003
|
| Sujets: | |
| Tags: |
Ajouter un tag
Pas de tags, Soyez le premier à ajouter un tag!
|
MARC
| LEADER | 00000nam a22000007a 4500 | ||
|---|---|---|---|
| 003 | cru CIDCACS/IIS | ||
| 005 | 20230804062554.0 | ||
| 008 | 181129b ||||| |||| 00| 0 spa d | ||
| 999 | |c 41942 |d 41942 | ||
| 040 | |c cru CIDCACS/IIS | ||
| 090 | |a REV0750 (110) 2003 | ||
| 100 | |9 8066 |a Moreno, Raúl | ||
| 110 | 2 | |9 7636 |a Departamento Ecuménico de Investigaciones (DEI) | |
| 245 | |a La octava reunión ministerial del ALCA en Miami: |b Una salida evasiva para evitar un nuevo fracaso | ||
| 260 | |a San José, Costa Rica |b DEI |c 2003 | ||
| 300 | |a 26-28 páginas | ||
| 650 | 0 | |a TRATADO DE LIBRE COMERCIO |9 3831 | |
| 650 | 4 | |9 1942 |a NEGOCIACIONES INTERNACIONALES | |
| 650 | 0 | |a POLITICAS DE DESARROLLO |9 3369 | |
| 650 | 0 | |9 2679 |a PARTICIPACION DEMOCRATICA | |
| 773 | 0 | |0 41641 |9 2448 |a Departamento Ecuménico de Investigaciones (DEI) |d San José, Costa Rica Departamento Ecuménico de Investigaciones (DEI) |o 20195 |t Pasos / | |
| 942 | |2 ddc |c PP | ||
